000 00842nam a2200217Ia 4500
001 10847
003 GE_BSU
008 181216s||||||||xx |||||||||||||| ||und||
040 _cGE_BSU
080 _a821.353.1–1+821.353.1–11+821.134.2–1
100 _aქვლივიძე,მიხეილ
245 _aლექსები,პოემა,ესპანური მოტივები.
245 _cრედ.ლ.ფოფხაძე;მხატვ.ე.ამაშუკელი.
260 _aთბილისი.
260 _bსაბჭოთა საქართველო.
260 _c1965.
300 _a127გვ;17სმ.
300 _eფოტო გარეკანზე.
653 _aლექსები,პოემა,ესპანური მოტივები.
942 _cBK
999 _c44089
_d44089